000 00370 a2200097 4500
245 0 0 _aUrządzenia i systemy elektroakustyczne wysokiej wierności odtwarzania - Minimalne wymagania techniczne Zestawy urządzeń PN-93/T-06256/08 /
_cMP i Handlu.
246 1 3 _aPN-93/T-06256/08
246 1 3 _a681.84
260 _aWarszawa :
_bMP i Handlu,
_c1993.
300 _a19 stron ;
_c30 cm.
650 _aPolska norma
999 _c20596
_d20596